Nihon Kyōsantō no seisaku /

Saved in:
Bibliographic Details
Corporate Author: Nihon Kyōsantō. Senden Kyōiku Chōsabu.
Format: Book
Language:Japanese
Published: Tōkyō : Gōdō Shuppansha, 1956.
Series:Gōdō shinsho ; 11.
Subjects:
Tags: Add Tag
No Tags, Be the first to tag this record!
LEADER 01178nam a2200301 i 4500
001 007743341-6
005 20024617115958.0
008 891221s1956 ja ac 000 0 jpn
010 |a j 62001388 /L 
035 0 |a ocm20811539 
040 |a DLC  |c CLU  |d NIC  |d *YNH*  |d CStRLIN 
050 0 |a JQ1698.K9  |b A6 
110 2 |6 880-01  |a Nihon Kyōsantō.  |b Senden Kyōiku Chōsabu. 
245 1 0 |6 880-02  |a Nihon Kyōsantō no seisaku /  |c Nihon Kyōsantō Chūō Iinkai Senden Kyōiku Chōsabu hen ; Nosaka Sanzō jo. 
260 |6 880-03  |a Tōkyō :  |b Gōdō Shuppansha,  |c 1956. 
300 |a 3, 8, 272 p. :  |b ill., ports. ;  |c 17 cm. 
490 1 |6 880-04  |a Gōdō shinsho ;  |v 11 
650 0 |a Communism  |z Japan  |y 1945- 
610 2 0 |6 880-05  |a Nihon Kyōsantō. 
880 2 |6 110-01  |a 日本共產党.  |b 宣伝敎育調查部. 
880 1 0 |6 245-02  |a 日本共產党の政策 /  |c 日本共產党中央委員會宣伝敎育調查部編; 野坂參三序. 
880 |6 260-03  |a 東京 :  |b 合同出版社,  |c 1956. 
880 1 |6 490-04  |a 合同新書 ;  |v 11 
880 2 0 |6 610-05  |a 日本共產党. 
830 0 |6 880-54  |a Gōdō shinsho ;  |v 11. 
880 0 |6 830-54  |a 合同新書 ;  |v 11. 
988 |a 20021214 
906 |0 DLC